|
|
|
|
| LEADER |
00000n m0a2200000 4500 |
| 001 |
71587 |
| 005 |
20231031082750.0 |
| 035 |
|
|
|a (RuTPU)RU\TPU\book\76293
|
| 090 |
|
|
|a 71587
|
| 100 |
|
|
|a 20041221d1965 km y0rusy50 ca
|
| 101 |
0 |
|
|a rus
|
| 102 |
|
|
|a RU
|
| 105 |
|
|
|a y z 000zy
|
| 200 |
1 |
|
|a Комплексная автоматизация производства на базе роторных линий
|f Л. Н. Кошкин
|
| 210 |
|
|
|a Москва
|c Машиностроение
|d 1965
|
| 215 |
|
|
|a 279 с.
|c ил.
|
| 610 |
1 |
|
|a роторные машины
|
| 610 |
1 |
|
|a роторные линии
|
| 610 |
1 |
|
|a комплексная автоматизация
|
| 610 |
1 |
|
|a производство
|
| 610 |
1 |
|
|a автоматические линии
|
| 610 |
1 |
|
|a роторы
|
| 610 |
1 |
|
|a термические процессы
|
| 610 |
1 |
|
|a химические процессы
|
| 610 |
1 |
|
|a сборка
|
| 610 |
1 |
|
|a станины
|
| 610 |
1 |
|
|a контрольно-измерительные роторы
|
| 675 |
|
|
|a 621.011
|v 3
|
| 700 |
|
1 |
|a Кошкин
|b Л. Н.
|g Лев Николаевич
|
| 801 |
|
1 |
|a RU
|b 63413507
|c 20041221
|g PSBO
|
| 801 |
|
2 |
|a RU
|b 63413507
|c 20220517
|g PSBO
|
| 942 |
|
|
|c BK
|